Deň rovnováhy. Bodkovaný rytmus

Bibliographic Details
Main Author: Lichnerová, Zuzana (Author)
Format: Article
Language:Slovak
Subjects:

MARC

LEADER 00000nab a2200000 a 4500
001 vtls000530888
003 SK-MaSNL
005 20260304094836.0
008 250425c1994 xo 0 slo
015 |a SNBRB19rr/mm-uuuuu 
035 |a CL0531026 
035 |a urn:nbn:sk:snk-abboq3 
035 |a (urnnbn)urn:nbn:sk:snk:ar-002m7h 
035 |a (uuid)4d884ba4-4bfc-4119-80a0-532a54402ab2 
040 |a SNKBUCL  |b slo  |c SNKBUCL  |e AACR2 
041 0 |a slo 
044 |a xo  |c SK 
080 |a 885.4-3  |2 1981 
100 1 |a Lichnerová, Zuzana  |4 aut  |9 782158 
245 1 0 |a Deň rovnováhy. Bodkovaný rytmus  |c Zuzana Lichnerová 
650 0 7 |a miniatúry prozaické  |2 snkbucl  |9 893925 
655 7 |a články z novín a časopisov  |2 snkbucl  |9 267496 
773 0 |t Dotyky  |g Roč. 6, č. 8-9 (1994), s. 8-9 
850 |a Slovenská národná knižnica 
852 |a Slovenská národná knižnica 
958 |a article15 
958 |a OND 
958 |a RK 
958 |a LX 
958 |a EUIPO 
992 |a RBX 
999 |c 2829246  |d 2831176